000 00935nas a2200313 4500
001 BR9604992
003 BR-BrBNA
005 20231205095819.0
007 ta
008 230509b bl.|||p| |||| 00| 00por d
040 _aBR-BrBNA
_bpor
_cBiblioteca Nacional de Agricultura
041 _a(En)
072 _aF30; H20
100 1 _aLuz, E.D.M.N.
100 1 _aSilva, S.D.V.M.
100 1 _aYamada, M.M.
100 1 _aLopes, U.V.
100 1 _aBraga, M.C.T.
100 1 _aBrugnerotto, M.I.B.
245 1 _aSelection of cacao genotypes rsistant to Phytophyhora capsici, P. palmivora and P. citrophthora in Bahia, Brazil
650 _aCacau
650 _aGenotipo
650 _aVariedade Resistente
650 _aRequeima
650 _aBahia
773 0 _tFitopatologia Brasileira (Brazil)
_xISSN 0100-4158
_g(Mar 1996), v. 21(1) p. 71-79
_wBR9604992
909 _a202311
_bLúcia
_c55
_dLúcia Elande
942 _2AGRIS
_n0
_cANA
999 _c152859
_d152859